000 00510nam a2200169Ia 4500
008 090201s9999 xx 000 0 und d
010 _aKPL-57649
040 _bमराठी
041 _aमराठी
082 _a8994
_b57649
100 _aप्रकाश कवळी
245 _aउपेक्षिता
_cप्रकाश कवळी
260 _c2004
_bसलील प्रकाशन
300 _a60
_bमोठा
600 _aउपेक्षिता
942 _cBOOK
999 _c209535
_d209535